| 000 | 004430000a22001690004500 | ||
|---|---|---|---|
| 020 | _a0-385-02903-9 | ||
| 041 | 0 | _aENG | |
| 082 | 0 | 4 | _aG 282.092 T5319a |
| 245 | 1 | 0 | _aThe autobiography of St. Thérèse of Lisieux : The story of a soul |
| 260 | _aNew York, USA : Image | ||
| 300 | _a159 Pag | ||
| 001 | 8667 | ||
| 942 | _cBK | ||
| 999 |
_c38801 _d38801 |
||
| 336 |
_atexto _btxt _2rdacontent |
||
| 337 |
_2rdamedia _asin mediación _bn |
||
| 338 |
_2rdacarrier _avolumen _bnc |
||